00735nam a2200241 a 4500008004100000020002000041040002500061041001300086044001100099080001500110100001600125240003500141245002200176260002700198300001800225500005000243500003600293650004200329700003000371710003100401730002400432765003700456020430s2002 m yxo ra 0 slo c a8055103038c169 aSNKbslocSNKeAACR21 asloheng axocSK a820 (73)-31 aLeon, Donna10aDeath and judgementlSlovensky10aSmrť a rozsudok aBratislavabIKARc2002 a222 s.c21 cm aÚdaj o prekl. prevzatý z rubu tit. strany aVyd. pre Media klub, Bratislava07aromány kriminálne americké2SNK1 aBaranec, František4trl0 aMedia klub Bratislava4pbl tDeath and judgement0 tDeath and judgementaLeon, Donna